| 000 | 00775cam a2200229 a 4500 | ||
|---|---|---|---|
| 001 | 680023 | ||
| 003 | ARRUPE | ||
| 005 | 20151020150339.0 | ||
| 008 | 950612t19661965enk b 001 0 eng | ||
| 010 | _a 95163368 | ||
| 040 |
_aDLC _cDLC _dDLC |
||
| 050 | 0 | 0 |
_aE164 _b.B73 1966b |
| 100 | 1 |
_aBoorstin, Daniel J. _q(Daniel Joseph), _d1914-2004. _920385 |
|
| 245 | 1 | 4 |
_aThe Americans, the national experience / _cby Daniel J. Boorstin. |
| 260 |
_aNew York : _bVintage Books, _c1965. |
||
| 300 |
_a517 p. ; _c24 cm. |
||
| 650 | 0 |
_aNational characteristics, American _920386 |
|
| 651 | 0 |
_aUnited States _xCivilization _y1783-1865. _920387 |
|
| 906 |
_a7 _bcbc _corignew _du _encip _f19 _gy-gencatlg |
||
| 942 |
_2lcc _cMONOGRAPH |
||
| 999 |
_c123561 _d123561 |
||